000 00652nam a2200277Ia 4500
005 20260320195720.0
008 008 262003s9999 xx 000 0 hin d
020 _a9788126711468
037 _aEBOOK
040 _aCRL
040 _bhin
040 _cCRL
041 _2hin
041 _ahin
084 _qCRL
100 _aकाशीनाथ सिंह
_9861859
245 0 _aकाशी का अस्सी
250 _a23rd
260 _bRajkamal
260 _c2006
300 _a172
856 _uhttps://ebook.indiaread.in/pdfs/kashi_ka_assi.pdf
942 _cEBOOK
999 _c1716101
_d1716101